Kladno. 3952 /

Korporativní autor: Státní geologický ústav Republiky československé
Další autoři: Woldřich, Josef, 1880-1937, Kodym, Odolen, 1898-1963, Matějka, Alois, 1898-1978, Čepek, Ladislav, 1899-1974, Hynie, Ota, 1899-1968, Vojenský zeměpisný ústav (1945-1951)
Jazyk: Francouzština
Čeština
Vydáno: V Praze : Nákladem Státního geologického ústavu Čsl. rep., 1935
Edice: Geologická mapa Československé republiky 1:75 000 ; 3952, 1935
Témata:
Externí odkaz: Digitalizovaný dokument
Fyzický popis: 1 mapa : barevná ; 38 x 49 cm, na listu 58 x 80 cm
Mapy
Uloženo v:
LEADER 02612nem a2200541 i 4500
001 001633705
003 CZ BrMZK
005 20230526142346.0
007 aj|canzn
008 180612s1935 xr a 0| cze d
034 1 |b 75000  |d E0135000  |e E0142000  |f N0501500  |g N0500000  |a a 
040 |a BOA001  |b cze  |e rda 
041 0 |a cze  |a fre 
043 |a e-xr---  |b e-xr-st  |2 czenas 
072 7 |a 55  |x Vědy o Zemi. Geologické vědy  |2 Konspekt  |9 7 
072 7 |a 912  |x Mapy. Atlasy. Glóby  |2 Konspekt  |9 7 
080 |a 55  |2 MRF 
080 |a 913(437.312)  |2 MRF 
080 |a (084.3)55  |2 MRF 
110 2 |a Státní geologický ústav Republiky československé  |7 ko2005264332  |4 ctg  |4 pbl 
245 1 0 |a Kladno.  |p 3952 /  |c Provedeno ve Voj. zeměpisném ústavě v Praze ; Nákladem Státního geologického ústavu Čsl. rep. s podporou Masarykovy Akademie Práce ; Na základě vlastních výzkumů sestavili v létech 1921-1935 Odolen Kodym, Ota Hynie, Alois Matějka a Ladislav Čepek ; Ředitel Josef Woldřich 
246 3 |a 39°52° 
246 3 0 |a 3952 
255 |a Měřítko 1:75 000  |c (E 13°50'00"--E 14°20'00"/N 50°15'00"--N 50°00'00") 
264 1 |a V Praze :  |b Nákladem Státního geologického ústavu Čsl. rep.,  |c 1935 
264 3 |a V Praze :  |b Provedeno ve Voj. zeměpisném ústavě,  |c 1935 
300 |a 1 mapa :  |b barevná ;  |c 38 x 49 cm, na listu 58 x 80 cm 
336 |a kartografický obraz  |b cri  |2 rdacontent 
337 |a bez média  |b n  |2 rdamedia 
338 |a list  |b nb  |2 rdacarrier 
490 1 |a [Geologická mapa Československé republiky 1:75 000] ;  |v 3952, 1935 
500 |a Další údaje o vydání: Vydáno v Praze r. 1935 
500 |a Dostupné též v digitální podobě v aplikaci Kramerius 
562 |a Razítko: Státní vědecká knihovna Brno  |5 CZ-BrMZK 
650 0 7 |a geologie  |7 ph114622  |z Česko  |2 czenas 
651 7 |a Kladno (Česko)  |7 ge129576  |2 czenas 
655 7 |a geologické mapy  |7 fd132402  |2 czenas 
700 1 |a Woldřich, Josef,  |d 1880-1937  |7 jk01151756  |4 led 
700 1 |a Kodym, Odolen,  |d 1898-1963  |7 jk01061058  |4 ctg  |4 com 
700 1 |a Matějka, Alois,  |d 1898-1978  |7 jk01080644  |4 ctg  |4 com 
700 1 |a Čepek, Ladislav,  |d 1899-1974  |7 jk01021248  |4 ctg  |4 com 
700 1 |a Hynie, Ota,  |d 1899-1968  |7 jk01043452  |4 ctg  |4 com 
710 2 |a Vojenský zeměpisný ústav (1945-1951)  |7 ko2005263855  |4 ctg 
830 0 |a Geologická mapa Československé republiky 1:75 000 ;  |v 3952, 1935 
856 4 1 |u http://www.digitalniknihovna.cz/mzk/uuid/uuid:0cacb190-89aa-11e8-87bd-005056827e52  |y Digitalizovaný dokument  |x NDK 
910 |a BOA001  |b Mpa-0098.367,3952-35 
990 |a MP 
991 |b 201806